000 01038cai a22002055a 4500
001 E148481
008 090923u xxk g 000 0 eng d
035 _a(Sirsi) u148481
041 0 _aeng
110 2 _aScottish Agricultural College
_93388
245 0 0 _aFarming for a better climate
_h[electronic resource]
520 _aPart of the SAC website devoted to the 'Farming for a Better Climate' initiative established by the Scottish Government, which sets out five key steps which farmers can take to cut emissions, adapt to climate change and improve their businesses. Also includes case studies and provides information on carrying out a carbon audit.
590 _aKA
651 4 _aScotland
_y1999-
690 _aENVIRONMENTAL AND LAND CONSULTANCY-SUSTAINABILITY
690 _aENVIRONMENTAL AND LAND CONSULTANCY-AGRIBUSINESS-AGRICULTURE
710 2 _aScotland
_bScottish Government
_95344
856 4 0 _uhttps://www.sac.ac.uk/climatechange/farmingforabetterclimate/
_zView the website free of charge at www.sac.ac.uk...
942 _n0
999 _c120827
_d120827